Benoît Hamon, neočakávaný víťaz primárok francúzskych socialistov

Informácia o víťazovi primárok vládnej ľavice, ktorým sa v druhom kole stal 49-ročný Benoît Hamon.

Salvato in:
Dettagli Bibliografici
Autore principale: Augustín, Michael, 1991-
Natura: Capitolo di libro
Lingua:slovacco
Soggetti:
Tags: Aggiungi Tag
Nessun Tag, puoi essere il primo ad aggiungerne!!

MARC

LEADER 00000naa a2200000 4500
001 0273179
005 20240502074315.4
041 0 |a slo 
044 |a SK 
245 1 0 |a Benoît Hamon, neočakávaný víťaz primárok francúzskych socialistov  |c Michael Augustín 
520 |a Informácia o víťazovi primárok vládnej ľavice, ktorým sa v druhom kole stal 49-ročný Benoît Hamon. 
610 2 0 |a socializmus 
610 2 0 |a strany politické 
610 2 0 |a osobnosť 
610 2 0 |a Francúzsko 
100 1 |a Augustín, Michael, 1991-